Rozhranie prenosu informácie o zväčšení z elektrónového mikroskopu do osobného počítača

Guardado en:
Detalles Bibliográficos
Autor principal: Hušek, Jaroslav (Autor)
Otros Autores: Šatka, Alexander, 1960- (Orientador)
Formato: Manuscrito Libro
Lenguaje:eslovaco
Publicado: Bratislava : STU v Bratislave FEI, 2003
Materias:
Etiquetas: Agregar Etiqueta
Sin Etiquetas, Sea el primero en etiquetar este registro!

MARC

LEADER 00000ntm a22000003a 4500
001 stu87983
005 20160719164714.4
008 040615s2003------------------------slo-d
040 |a STU  |b slo 
041 0 |a slo 
100 1 |a Hušek, Jaroslav  |4 aut 
245 1 |a Rozhranie prenosu informácie o zväčšení z elektrónového mikroskopu do osobného počítača 
260 |a Bratislava :  |b STU v Bratislave FEI,  |c 2003 
300 |a 72 s 
650 7 |a elektronika  |2 stusub 
700 1 |a Šatka, Alexander,  |d 1960-  |4 ths  |u E030  |U FEI Fakulta elektrotechniky a informatiky  |T FEI Ústav elektroniky a fotoniky  |X 1865  |U E030  |Y 549  |7 A000001865